000 00620nam a2200241Ia 4500
003 OSt
005 20220918203500.0
006 a|||||r|||| 00| 0
007 ta
008 220917b |||||||| |||| 00| 0 eng d
024 _a108,523
037 _cTextual
040 _aARTS
_cARTS
_beng
041 _2eng
_aeng
082 _aV44Q7.N88-N77, M9
100 _aHyman A
_9108769
245 0 _aPakistan
_b Zia and after
260 _aNew Delhi
_bAbhihnav
_c1989
300 _axi, 140p.
_ccm.
650 _aHISTORY
942 _hV44Q7.N88-N77, M9
_cTEXL
_2CC
999 _c231877
_d231877